Diagnóstico histórico jurídico del poder legislativo en Chile 1960-1990

Guardat en:
Dades bibliogràfiques
Autors principals: Bertelsen Repetto, Raúl (Autor), Cea C., José Luis (Autor), Cumplido Cereceda, Francisco (Autor), Tapia V., Jorge (Autor), Vergara Blanco, Alejandro (Autor)
Altres autors: Oelckers Camus, Osvaldo Adolfo (autor)
Format: Llibre
Idioma:espanyol
Publicat: Valparaíso Universidad Católica de Valparaíso 1993
Matèries:
Etiquetes: Afegir etiqueta
Sense etiquetes, Sigues el primer a etiquetar aquest registre!

MARC

LEADER 00000nam a2200000 a 4500
001 UCV3408
003 CL-VaPUC
008 930708e19930000CL |||||||||||||||||spa|d
082 0 4 |a 342.83  |b BER  |2 21 
100 0 |a Bertelsen Repetto, Raúl  |e author  |9 297675 
700 0 |a Cea C., José Luis  |e author  |9 297676 
700 0 |a Cumplido Cereceda, Francisco  |e author  |9 297677 
700 |a Oelckers Camus, Osvaldo Adolfo  |e autor  |9 737958 
700 0 |a Tapia V., Jorge  |e author  |9 297680 
700 0 |a Vergara Blanco, Alejandro  |e author  |9 297681 
245 1 0 |a Diagnóstico histórico jurídico del poder legislativo en Chile 1960-1990 
300 |a 283 p 
942 |c BK 
945 |d 19930708 00:00:00  |a nfarias 
260 |a Valparaíso  |b Universidad Católica de Valparaíso  |c 1993 
650 7 |a CUERPOS LEGISLATIVOS  |2 CL-VaPUC  |9 256166 
651 7 |a CHILE  |2 CL-VaPUC  |9 297682 
583 |a last modification  |c 19930708 00:00:00  |k Rodrigo Vera 
999 |c 210636  |d 210634 
952 |0 0  |1 0  |4 0  |6 342_830000000000000_BER_1993  |7 0  |8 A  |9 187012  |a BIBDER  |b BIBDER  |d 2019-11-14  |i 3200833  |o 342.83 BER 1993  |p 3200833  |r 2023-01-25  |w 2019-11-14  |y BK  |k DER 
952 |0 0  |1 0  |4 0  |6 342_830000000000000_BER_1993  |7 0  |8 A  |9 187013  |a BIBDER  |b BIBDER  |d 2019-11-14  |i 3256510  |o 342.83 BER 1993  |p 3256510  |r 2023-01-25  |w 2019-11-14  |y BK  |k DER